From quiescence to rebelion: peasant political activity in Costa Rica and prerevolutionary Nicaragua
Salvato in:
| Ente Autore: | |
|---|---|
| Natura: | testo |
| Pubblicazione: |
Michigan:
University Microfilms International (UMI)
|
| Tags: |
Aggiungi Tag
Nessun Tag, puoi essere il primo ad aggiungerne!!
|
MARC
| LEADER | 00000 a a2200000 04500 | ||
|---|---|---|---|
| 001 | 21248 | ||
| 003 | |||
| 040 | |||
| 090 | |a 092800 | ||
| 110 | |a University Microfilms International | ||
| 245 | |a From quiescence to rebelion: peasant political activity in Costa Rica and prerevolutionary Nicaragua | ||
| 260 | |a Michigan: |b University Microfilms International (UMI) | ||
| 300 | |a 255 p. | ||
| 999 | |c 15605 |d 15605 | ||
